The Time machine

Bibliographic Details
Main Author: Wells, H.G
Format: Book
Published: s.l. : Troll Associates , 1993
Subjects:

MARC

LEADER 00000cam a2200000 7i4500
001 0000001085
002 000001200
005 20030403.0
020 |a 0816728739 
090 0 0 |a JF   |b WEL 
100 1 |a Wells, H.G 
245 1 4 |a The Time machine   |c H.G. Wells 
260 |a s.l. :   |b Troll Associates ,   |c 1993 
300 |a 48p. :   |b ill. ;   |c 28cm. 
650 0 0 |a Children's stories 
999 |a 031572   |b BUKU   |c JUNIOR FICTION   |e PERPUSTAKAAN KOMUNITI PETALING JAYA 
999 |a 031573   |b BUKU   |c PINJAMAN   |e PERPUSTAKAAN KOMUNITI PETALING JAYA